Analytické metódy na detekciu vybraných pesticídov v kôrovcoch a mäkkýšoch

Salvato in:
Dettagli Bibliografici
Autore principale: Rusiňáková, Katarína (Autore)
Altri autori: Hrouzková, Svetlana (Relatore della tesi)
Natura: Manoscritto Libro
Lingua:slovacco
Pubblicazione: 2021
Soggetti:
Accesso online:http://is.stuba.sk/zp/portal_zp.pl?podrobnosti=149059
Tags: Aggiungi Tag
Nessun Tag, puoi essere il primo ad aggiungerne!!

MARC

LEADER 00000ntm a22000003a 4500
001 stuzp83909
003 SK-STU
005 20210626211139.8
007 ta
008 150427s2015----xo-----f-mn---000-0-slo-d
040 |a STU  |b slo 
041 0 |a slo 
100 1 |a Rusiňáková, Katarína  |u 041000  |4 aut  |U FCHPT Fakulta chemickej a potravinárskej technológie  |T FCHPT Ústav analytickej chémie  |X 97525  |U C1000  |Y 99  |7 97525 
242 0 1 |a Analytical methods for the detection of selected pesticides in crustaceans and mollusks  |y eng 
245 1 0 |a Analytické metódy na detekciu vybraných pesticídov v kôrovcoch a mäkkýšoch 
260 |c 2021 
650 4 |a pesticídy  |2 slo 
650 4 |a polyaromatické uhľovodíky  |2 slo 
650 4 |a kôrovce  |2 slo 
650 4 |a mäkkýše  |2 slo 
650 4 |a Analytické metódy  |2 slo 
650 4 |a analytical methods  |2 eng 
650 4 |a pesticides  |2 eng 
650 4 |a polyaromatic hydrocarbons  |2 eng 
650 4 |a crustaceans  |2 eng 
650 4 |a molluscs  |2 eng 
700 1 |a Hrouzková, Svetlana  |u 041000  |k Z1  |4 ths  |U FCHPT Fakulta chemickej a potravinárskej technológie  |T FCHPT Ústav analytickej chémie  |X 3892  |U C1000  |Y 99  |7 A000003892 
856 4 |u http://is.stuba.sk/zp/portal_zp.pl?podrobnosti=149059